=LDR 00000nam 2200000 4500 =001 INLIS000000000030774 =005 20130612132907 =008 ***********************************Ind** =035 ##$$0010-061300000030774 =041 ##$$a Ind =082 ##$$a 004.2 =090 ##$$a 004.2, kri e =100 ##$$a Kristanto, Andri =245 ##$$a empat puluh lima menit merakit instalasi PC, Andri Kristanto =260 ##$$a 2007 $b Yogyakarta =300 ##$$a xiv, 89 hlm, ilus, 21 cm =650 ##$$a Komputer science =850 ##$$a NBPNMAT